000 00764nam a2200241Ia 4500
003 OSt
005 20220923213217.0
006 a|||||r|||| 00| 0
007 ta
008 220922b |||||||| |||| 00| 0 hin d
024 _a159,902
037 _cTextual
040 _aARTS
_cARTS
_bhin
041 _2hin
_ahin
082 _aO11195,3:g, 152J1
100 _aव्यास, विनोद शंकर
_9156274
245 0 _aयूरोपीय उपन्यास साहित्य
246 _aYūropīya upanyās sāhitya
260 _c1951
650 _aहिन्दी साहित्य
_9156264
942 _hO11195,3:g, 152J1
_cTEXL
_2CC
999 _c314649
_d314649